00598nam a2200169 i 450000100060000000300090000600500170001500700030003200800410003510000260007624500780010226000640018030000250024485200220026999900170029195201200030895319ES-MaACL20230906181659.0t|050526s1912 fr ||||1| fre d1 aLuys, Georges.97489610aTraité de la blennorragie et de ses complications / cpar Georges Luys. aParis : b[s.n.], c1912 (fLibrairies-Imprimeries Reunies) aX, 555 p. ; c25 cm. aES-MaACLjB-12672 c95319d95319 00104070aATENEOMbATENEOMcSPBd2008-01-17eSCl0oB-12672p1099532r2023-02-23 00:00:00w2023-02-23yMONOGRAFIA